Nursing and Midwifery: (Record no. 2488)

MARC details
000 -LEADER
fixed length control field 00545nam a22001937a 4500
003 - CONTROL NUMBER IDENTIFIER
control field OSt
005 - DATE AND TIME OF LATEST TRANSACTION
control field 20151111150544.0
008 - FIXED-LENGTH DATA ELEMENTS--GENERAL INFORMATION
fixed length control field 151110b xxu||||| |||| 00| 0 eng d
020 ## - INTERNATIONAL STANDARD BOOK NUMBER
International Standard Book Number 9781405009737
040 ## - CATALOGING SOURCE
Transcribing agency DLMN.
082 ## - DEWEY DECIMAL CLASSIFICATION NUMBER
Classification number WY 157.3 H951n 2006
100 ## - MAIN ENTRY--PERSONAL NAME
Personal name Husband, Sally;Hamilton-Brown;Barber ,Gillian;
9 (RLIN) 6061
245 ## - TITLE STATEMENT
Title Nursing and Midwifery:
Remainder of title A practical approach;
260 ## - PUBLICATION, DISTRIBUTION, ETC. (IMPRINT)
Place of publication, distribution, etc. UK
Name of publisher, distributor, etc. MACMILLAN
Date of publication, distribution, etc. 2006
300 ## - PHYSICAL DESCRIPTION
Extent xii,411p;
Other physical details ill;
Dimensions 32cm.
504 ## - BIBLIOGRAPHY, ETC. NOTE
Bibliography, etc includes index.
651 ## - SUBJECT ADDED ENTRY--GEOGRAPHIC NAME
Geographic name Nursing Practice.
9 (RLIN) 6062
942 ## - ADDED ENTRY ELEMENTS (KOHA)
Source of classification or shelving scheme Dewey Decimal Classification
Koha item type Short Loan
Holdings
Withdrawn status Lost status Source of classification or shelving scheme Damaged status Not for loan Home library Current library Date acquired Source of acquisition Inventory number Total Checkouts Full call number Barcode Date last seen Koha item type
    Other/Generic Classification Scheme     MUST Main Library MUST Main Library 10/11/2015   07/28990   WY 157.3 H951n 2006 2015-2514 10/11/2015 Short Loan